=LDR 00000nam 2200000 4500 =001 INLIS000000000019384 =005 20130612114442 =008 ***********************************Ind** =035 ##$$0010-061300000019384 =041 ##$$a Ind =082 ##$$a 131 =090 ##$$a 131, Ell h =100 ##$$a Ellis, Albert Ellis, Ph.D =245 ##$$a How 10 make yourself happy and kemarkably less disolurbable, Albert Ellis, Ph.D =260 ##$$a 2005 $b Jakarta =300 ##$$a vi, 267 hlm, 23 cm =650 ##$$a Kebahagiaan =850 ##$$a NBPNMAT